<?xml version="1.0" encoding="UTF-8"?>
<record
    xmlns:xsi="http://www.w3.org/2001/XMLSchema-instance"
    xsi:schemaLocation="http://www.loc.gov/MARC21/slim http://www.loc.gov/standards/marcxml/schema/MARC21slim.xsd"
    xmlns="http://www.loc.gov/MARC21/slim">

  <leader>01827nam a2200385 a 4500</leader>
  <controlfield tag="001">BRCA_4932</controlfield>
  <controlfield tag="005">20190320204851.0</controlfield>
  <controlfield tag="008">211010s1809----mx-#######---#000-0#sps-#</controlfield>
  <datafield tag="041" ind1=" " ind2=" ">
    <subfield code="a">spa</subfield>
  </datafield>
  <datafield tag="044" ind1=" " ind2=" ">
    <subfield code="a">mx</subfield>
  </datafield>
  <datafield tag="084" ind1=" " ind2=" ">
    <subfield code="a">DOC23</subfield>
    <subfield code="b">.H53</subfield>
    <subfield code="c">1809</subfield>
  </datafield>
  <datafield tag="100" ind1="1" ind2=" ">
    <subfield code="a">Hidalgo, El&#xED;as</subfield>
    <subfield code="9">12517</subfield>
  </datafield>
  <datafield tag="245" ind1="1" ind2="0">
    <subfield code="a">Documento perteneciente a Don  El&#xED;as Hidalgo</subfield>
    <subfield code="c">El&#xED;as Hidalgo ... [et al.].</subfield>
  </datafield>
  <datafield tag="260" ind1=" " ind2=" ">
    <subfield code="a">Quer&#xE9;taro ; M&#xE9;xico</subfield>
    <subfield code="c">1809</subfield>
  </datafield>
  <datafield tag="300" ind1=" " ind2=" ">
    <subfield code="a">[2] fojas</subfield>
    <subfield code="c">31 x 21 cm.</subfield>
  </datafield>
  <datafield tag="500" ind1=" " ind2=" ">
    <subfield code="a">Documento firmado el 19 de febrero de 1809.</subfield>
  </datafield>
  <datafield tag="500" ind1=" " ind2=" ">
    <subfield code="a">Patente del H&#xE1;bito de la Tercera Orden de N.S.P.S. Francisco.</subfield>
  </datafield>
  <datafield tag="500" ind1=" " ind2=" ">
    <subfield code="a">Documento de admisi&#xF3;n al Noviciado de Don El&#xED;as Hidalgo, dada en la Iglesia de dicha Tercera Orden. Firmado por Fray L&#xE1;zaro Villalobos Regente de estudios, el Bachiller Don Jos&#xE9; Mar&#xED;a Zelada e Hidalgo y Don Jos&#xE9; Miguel Valderas.</subfield>
  </datafield>
  <datafield tag="500" ind1=" " ind2=" ">
    <subfield code="a">Contiene restos de sello lacrado de la Tercera Orden Regular de San Francisco.</subfield>
  </datafield>
  <datafield tag="500" ind1=" " ind2=" ">
    <subfield code="a">Contiene ilustraci&#xF3;nes de floreros perenes y al centro el escudo de la orden Franciscana.</subfield>
  </datafield>
  <datafield tag="500" ind1=" " ind2=" ">
    <subfield code="a">El documento contienen la leyenda DOC. #32.</subfield>
  </datafield>
  <datafield tag="500" ind1=" " ind2=" ">
    <subfield code="a">Papel con marca de agua.</subfield>
  </datafield>
  <datafield tag="500" ind1=" " ind2=" ">
    <subfield code="a">Estado de conservaci&#xF3;n: contiene dobleces en los m&#xE1;rgenes y manchas ocasionadas por agentes biol&#xF3;gicos en el margen superior.</subfield>
  </datafield>
  <datafield tag="506" ind1="0" ind2=" ">
    <subfield code="a">Fondo Reservado. Para su consulta es necesario credencial de usuario y carta de motivos.</subfield>
  </datafield>
  <datafield tag="546" ind1=" " ind2=" ">
    <subfield code="a">Texto en: espa&#xF1;ol de principios del siglo XIX.</subfield>
  </datafield>
  <datafield tag="600" ind1="1" ind2="4">
    <subfield code="a">Hidalgo, El&#xED;as</subfield>
    <subfield code="x">Historia</subfield>
    <subfield code="9">12518</subfield>
  </datafield>
  <datafield tag="650" ind1="1" ind2="4">
    <subfield code="a">Franciscanos</subfield>
    <subfield code="z">M&#xE9;xico</subfield>
    <subfield code="9">12519</subfield>
  </datafield>
  <datafield tag="651" ind1=" " ind2="4">
    <subfield code="a">M&#xE9;xico</subfield>
    <subfield code="x">Historia</subfield>
    <subfield code="y">Colonia, 1521-1821</subfield>
    <subfield code="9">12461</subfield>
  </datafield>
  <datafield tag="653" ind1="0" ind2=" ">
    <subfield code="a">Ordenes religiosas.</subfield>
  </datafield>
  <datafield tag="700" ind1="1" ind2=" ">
    <subfield code="a">Villalobos, L&#xE1;zaro</subfield>
    <subfield code="9">12520</subfield>
  </datafield>
  <datafield tag="700" ind1="1" ind2=" ">
    <subfield code="a">Zelada e Hidalgo, Jos&#xE9; Mar&#xED;a</subfield>
    <subfield code="9">12521</subfield>
  </datafield>
  <datafield tag="700" ind1="1" ind2=" ">
    <subfield code="a">Valderas, Jos&#xE9; Miguel</subfield>
    <subfield code="9">12522</subfield>
  </datafield>
  <datafield tag="902" ind1=" " ind2=" ">
    <subfield code="a">FDH</subfield>
  </datafield>
  <datafield tag="942" ind1=" " ind2=" ">
    <subfield code="2">lcc</subfield>
    <subfield code="c">D</subfield>
  </datafield>
  <datafield tag="999" ind1=" " ind2=" ">
    <subfield code="c">4626</subfield>
    <subfield code="d">4626</subfield>
  </datafield>
  <datafield tag="952" ind1=" " ind2=" ">
    <subfield code="0">0</subfield>
    <subfield code="1">0</subfield>
    <subfield code="4">0</subfield>
    <subfield code="7">0</subfield>
    <subfield code="a">BRCA</subfield>
    <subfield code="b">BRCA</subfield>
    <subfield code="d">2010-10-21</subfield>
    <subfield code="l">0</subfield>
    <subfield code="o">DOC23 .H53 1809</subfield>
    <subfield code="p">4993</subfield>
    <subfield code="r">2019-03-22 00:00:00</subfield>
    <subfield code="w">2019-03-22</subfield>
    <subfield code="y">D</subfield>
  </datafield>
</record>
